|
|
|
|
| LEADER |
00645cam a2200193 7i4500 |
| 001 |
0000045452 |
| 005 |
20130312090000.0 |
| 020 |
|
|
|a 9789675226571 (pbk.)
|
| 090 |
0 |
0 |
|a AS6
|b .S29 2009
|
| 100 |
0 |
|
|a Samsudin Wahab
|
| 245 |
1 |
0 |
|a Buat duit dengan seminar
|c Samsudin Wahab.
|
| 260 |
|
|
|a Batu Caves, Selangor:
|b PTS Professional Pub.,
|c 2009.
|
| 300 |
|
|
|a x, 170 p.:
|b ill.;
|c 19 cm.
|
| 490 |
0 |
|
|a Siri buat duit
|
| 650 |
0 |
0 |
|a Seminars
|
| 650 |
0 |
0 |
|a Congresses and conventions --
|x Management
|
| 650 |
0 |
0 |
|a Success in business
|
| 999 |
|
|
|a 0000055192
|b BOK
|c OPEN SHELF
|e 1st Floor, Bestari Jaya
|
| 999 |
|
|
|a 0000055193
|b BOK
|c OPEN SHELF
|e 1st Floor, Shah Alam
|